Championnats insolites de France par images - Statistiques

Statistiques générales
  • Ce quiz a été pris 51 fois
  • Le résultat moyen est 7 sur 15
Statistiques - réponses
Par images Hint Réponse % Correct
Lacanau (Gironde) Championnat du monde de lancer de {tong}
89%
Dunkerque (Nord) Championnat de France de {brouette} {humaine}
76%
Paris (Île-de-France) Championnat de France de sauces {piquantes}
74%
Leffrinckoucke (Nord) Championnat du monde de décorticage de {crevettes} grises
70%
Dunkerque (Nord) Championnat du monde du {cri} {de} {la} {mouette}
70%
Trie-sur-Baïse (Hautes-Pyrénées) Championnat du {cri} {de} {cochon}
67%
Beaumont-de-Lomagne (Tarn-et-Garonne) Championnat du monde de pelage d’{ail}
63%
Cassel (Nord) Championnat de France du {cri} {du} {coq}
48%
Biscarosse (Landes) Championnat du monde de lancer de {pignes}
43%
Larians-et-Munans (Haute-Saône) Championnat du monde du plus gros mangeur de {cancoillotte}
35%
Guerlesquin (Finistère) Championnat du monde de lancer de {menhir}
30%
Saramon (Gers) Championnat du monde des mangeurs de {magrets} {de} {canard}
28%
Bayonne (Pyrénées-Atlantiques) Championnat du Pays Basque de lancer d'{espadrilles}
15%
Vaugneray (Rhône) Championnat du monde de lancer de {bouses} {de} {vache}
13%
Sibiril (Finistère) Championnat du monde de cracher de {bigorneau}
7%
Aucun quiz correspondant
Distribution des résultats
% des personnes avec chaque résultat
Percentile par nombre de réponses
Votre historique - résultats
Vous n’avez pas pris ce quiz